01261nam a2200241Ia 4500001001600000003001000016005001700026008004100043040002500084041000700109100002800116245014500144260006500289300001200354500012500366650001300491654000900504700030800513942001200821999001900833999000700852952016000859c3-25501 [4513]IT-MiCISF20260210122243.0161014s9999||||xx |||||||||||||| ||und|| aIT-MiCISFcIT-MiCISF ait aCisf (a cura di)956035 0aLa famiglia ambiente naturale del bambino / The Family Natural Environment of the Childbcongresso internazionale, Milano, 21-24 giugno 1979 a Milano,bCISF - Centro internazionale studi famiglia,c1980 app. 415 a / famiglia, bambini, diritti-bambino, formazione-personalità€, educazione-familiare, educazione-genitori, religione /  aFamiglia aatti aAchille P.A., Ancona L., Bobb-Lucas J., Bottomley P., Cordeiro J., aDell'Acqua V., Feldman H., Feldman M., Guerfel H., Gulotta G.,aKouassigan G., Lejeune J., Masamba ma Mpolo J., Mascarenhas M., a McHuch J., Muller-Fahrenholz G., Perera L.H., Presvelou C., aRiboldi A., Schleicher K., Zani L.963385 cBK2ddc c209481d209481 bsi 0010406C_325501_451371aCISFbCISFd2016-10-14l0oc3-25501 [4513]r2016-10-14 00:00:00w2016-10-14yBKzData import 15.10.2016 / by Epidotti, Vaglietti